10 najlepszych portugalskich zespołów w tabeli wszechczasów - Statystyki

Ogólne statystyki
  • Ten quiz został rozwiązany 29 razy
  • Średni wynik to 6 z 10
Statystyki odpowiedzi
L.P Odpowiedź Punkty % Poprawnych
1. FC Porto 2845
100%
3. Sporting CP 2524
96%
2. Benfica Lizbona 2677
93%
4. SC Braga 1872
93%
7. Boavista FC 1406
67%
10. Rió Ave 921
52%
5. Vitoria Guimarães 1671
52%
8. CF Os Belenenses 1018
22%
9. FC Paços de Ferreira 930
7%
6. CS Martimo 1440
4%
Nie znaleziono quizów pasujących do podanych kryteriów
Rozkład punktacji
Procent ludzi z każdym wynikiem
Percentyl według liczby udzielonych odpowiedzi
Twoja historia wyników
Nie rozwiązałeś tego quizu